|
|
|
|
| LEADER |
01380nam a2200277 a 4500 |
| 001 |
28450362 |
| 008 |
091006s1992 my a b 001 0 eng d |
| 020 |
|
|
|a 9839054015
|
| 040 |
|
|
|a HUA
|c HUA
|
| 082 |
0 |
4 |
|a 823/.087208
|2 19
|
| 100 |
1 |
|
|a McKee, Neill.
|
| 245 |
1 |
0 |
|a Social mobilization & social marketing in developing communities :
|b lessons for communicators /
|c Neill McKee
|
| 260 |
|
|
|a Penang :
|b Southbound, ;
|a New Delhi
|c 1992
|
| 300 |
|
|
|a 204 p. :
|b ill. ;
|c 24 cm.
|
| 490 |
0 |
|
|a Great stories in easy English.
|p Second series
|
| 504 |
|
|
|a Includes bibliographical references (p. [187]-200) and index.
|
| 541 |
1 |
|
|e 00004779
|
| 650 |
|
0 |
|a Social marketing
|
| 650 |
|
0 |
|a Social marketing
|z Developing countries.
|
| 650 |
|
0 |
|a Marketing
|z Developing countries.
|
| 650 |
|
0 |
|a Health education
|x Marketing
|x Social aspects
|
| 650 |
|
0 |
|a Public health
|z Developing countries
|
| 852 |
4 |
|
|a Ayesha Abed Library
|j General shelf
|
| 999 |
|
|
|c 4468
|d 4468
|
| 952 |
|
|
|0 0
|1 0
|2 ddc
|4 0
|6 823_087208000000000_MCK_1992
|7 0
|9 4183
|a BRACUL
|b BRACUL
|c GEN
|d 2009-10-11
|g 0.00
|l 0
|o 823.087208 MCK
|p 3010004779
|r 2009-10-11
|t 1
|w 2009-10-11
|y BK
|x No price found in the accession register.
|
| 952 |
|
|
|0 0
|1 0
|2 ddc
|4 0
|6 823_087208000000000_MCK_1992
|7 0
|9 4184
|a BRACUL
|b BRACUL
|c GEN
|d 2009-10-11
|g 0.00
|l 2
|m 28
|o 823.087208 MCK
|p 3010004780
|r 2019-05-19
|s 2019-01-13
|t 2
|w 2009-10-11
|y BK
|x No price found in the accession register.
|